| 000 | 02555nam0a2200361 4500 | ||
|---|---|---|---|
| 001 | RU\NLR\BIBL_A\012913310 | ||
| 005 | 20251227175613.0 | ||
| 010 |
_a978-5-7513-3309-6 _950 |
||
| 021 |
_aRU _bКН-П-22-055316 _9КН-П-22-4797 |
||
| 035 | _a(NLR Aleph) 012913310 | ||
| 035 | _a(RuMoRGB)011183350 | ||
| 090 |
_a12621076 _c12621076 |
||
| 100 | _a20221019d2022 u y0rusy50 ca | ||
| 101 | 0 | _arus | |
| 102 | _aRU | ||
| 105 | _aa|||j|||000zy | ||
| 181 | 0 |
_ai _baxxe |
|
| 182 | 0 | _an | |
| 200 | 1 |
_aСудейство по волейболу _eучебное пособие _fМ. Р. Глухарева, С. В. Сабарайкин _gМинистерство науки и высшего образования Российской Федерации, Северо-Восточный федеральный университет имени М. К. Аммосова, Институт физической культуры и спорта |
|
| 203 |
_aТекст _bвизуальный _cнепосредственный |
||
| 210 |
_aЯкутск _cИздательский дом Северо-Восточного федерального университета _d2022 |
||
| 215 |
_a131 с. _cил., табл. _d20 |
||
| 320 | _aБиблиогр.: с. 129 (6 назв.) | ||
| 330 | _aВ пособии излагаются учебно-методические рекомендации по организации работы судейских коллегий и подготовке судейских кадров по волейболу к проведению соревнований. Цель данного учебно-методического пособия-помочь, прежде всего, всем, кто занимается подготовкой волейбольных судей, а также-самим судьям по волейболу, студентам института физической культуры, тренерам, учителям физической культуры | ||
| 606 | 1 |
_aВолейбол _jУчебно-методические пособия _xСоревнования _xСудейство _91404997 _3RU\NLR\AUTH\66279411 |
|
| 675 |
_a796.325.06(075.8) _v4 |
||
| 686 | 1 | _aЧ515.694(0)9-4я7 | |
| 700 | 1 |
_aГлухарева _bМ. Р. _gМария Руслановна |
|
| 701 | 1 |
_aСабарайкин _bС. В. _gСемен Васильевич |
|
| 942 | _cBOOK | ||
| 980 | _aNB | ||